[Event "SRB Central-ch op"]
[Site "Nis"]
[Date "2024.08.18"]
[Round "2"]
[White "Garifulin, Yury"]
[Black "Jovanovic, Miroslav V"]
[Result "1/2-1/2"]
[WhiteElo "2124"]
[BlackElo "1982"]
[PlyCount "114"]
[EventDate "2024.08.17"]
[EventType "swiss"]
[EventRounds "9"]
[EventCountry "SRB"]
[SourceTitle "CBM 221 Extra"]
[Source "ChessBase"]
[SourceDate "2024.09.30"]
[SourceVersion "1"]
[SourceVersionDate "2024.09.30"]
[SourceQuality "1"]

1. e4 Nc6 2. Nf3 d6 3. d4 Bg4 4. Be3 Nf6 5. Nc3 a6 6. d5 Ne5 7. Be2 Nxf3+ 8. gxf3 Bh5 9. f4 Bxe2 10. Qxe2 g6 11. 0-0-0 Bg7 12. e5 Nh5 13. Bd2 0-0 14. Qe4 f5 15. Qd4 Qd7 16. Ne2 c5 17. dxc6 Qxc6 18. Bc3 dxe5 19. fxe5 Rfc8 20. Ng3 Nxg3 21. hxg3 h5 22. Qd7 Rc7 23. Qxc6 bxc6 24. Rd3 Bh6+ 25. f4 Kf7 26. a4 Ke6 27. Ba5 Rd7 28. Rc3 Rc8 29. b4 Rd5 30. Rc4 Kd7 31. Rd1 e6 32. Bb6 Bf8 33. Rcd4 Be7 34. c4 Rxd4 35. Rxd4+ Ke8 36. c5 h4 37. gxh4 Bxh4 38. Rd3 g5 39. fxg5 Bxg5+ 40. Kc2 Bf4 41. Rf3 Bh6 42. Kb3 Kf7 43. b5 axb5 44. axb5 f4 45. bxc6 Rxc6 46. Kc4 Kg6 47. Kb5 Rc8 48. c6 Kf5 49. c7 Bg7 50. Kc6 Bxe5 51. Kd7 Rxc7+ 52. Bxc7 Bxc7 53. Kxc7 e5 54. Kd6 Ke4 55. Rf1 f3 56. Re1+ Kd3 57. Kxe5 f2 1/2-1/2

[Event "Paracin Summer op-B 10th"]
[Site "Paracin"]
[Date "2017.07.13"]
[Round "8"]
[White "Jovanovic, Miroslav V"]
[Black "Rajkovic, Slobodan"]
[Result "0-1"]
[WhiteElo "1999"]
[BlackElo "1758"]
[PlyCount "60"]
[EventDate "2017.07.07"]
[EventType "swiss"]
[EventRounds "9"]
[EventCountry "SRB"]
[SourceTitle "EXT 2020"]
[Source "ChessBase"]
[SourceDate "2019.10.17"]
[SourceVersion "1"]
[SourceVersionDate "2019.10.17"]
[SourceQuality "1"]

1. d4 d5 2. Bg5 g6 3. e3 Bg7 4. Nf3 f6 5. Bf4 a6 6. Nbd2 Nc6 7. Bd3 e5 8. Bg3 e4 9. Nxe4 dxe4 10. Bxe4 Bg4 11. h3 Bxf3 12. Qxf3 Nge7 13. Bxc6+ Nxc6 14. d5 Ne5 15. Bxe5 fxe5 16. Qg4 0-0 17. e4 Qf6 18. 0-0 Qb6 19. b3 Rf4 20. Qe2 Raf8 21. c4 Qd4 22. Rae1 h5 23. a4 R8f7 24. g3 Rf3 25. Kg2 Rxb3 26. Rd1 Rb2 27. Qe1 Qxc4 28. Rb1 Rxb1 29. Qxb1 Qxe4+ 30. Kg1 Qxd5 0-1

[Event "SRB-chT2 South CS"]
[Site "Nis"]
[Date "2012.09.22"]
[Round "2.1"]
[White "Jovanovic, Miroslav V"]
[Black "Ristic, Boban"]
[Result "0-1"]
[WhiteElo "2019"]
[BlackElo "2063"]
[PlyCount "102"]
[EventDate "2012.09.21"]
[EventType "team-tourn"]
[EventRounds "10"]
[EventCountry "SRB"]
[SourceTitle "EXT 2019"]
[Source "ChessBase"]
[SourceDate "2018.10.10"]
[SourceVersion "1"]
[SourceVersionDate "2018.10.10"]
[SourceQuality "1"]

1. d4 d5 2. Bg5 h6 3. Bh4 c5 4. c3 Qb6 5. Qd2 g5 6. Bg3 Bg7 7. e3 Bf5 8. dxc5 Qxc5 9. Bd3 Bxd3 10. Qxd3 Nf6 11. Nd2 Nc6 12. Ngf3 0-0 13. Ne5 Rad8 14. Nxc6 Qxc6 15. Be5 Ne4 16. Bxg7 Kxg7 17. Qd4+ f6 18. Nxe4 dxe4 19. Qb4 Rd7 20. 0-0 Rfd8 21. a4 f5 22. Qb5 Qe6 23. a5 a6 24. Qa4 Rd3 25. Rad1 Qd5 26. Rxd3 exd3 27. Qd4+ e5 28. Qxd5 Rxd5 29. b4 e4 30. Rd1 Kf6 31. Kf1 f4 32. Ke1 fxe3 33. fxe3 Rf5 34. c4 Ke6 35. Rd2 Rf7 36. b5 Rc7 37. bxa6 bxa6 38. Rb2 Kd6 39. Rb6+ Rc6 40. Rb4 Kc5 41. Ra4 Rc8 42. Kd2 Rf8 43. Kc3 Rf2 44. Ra1 Rc2+ 45. Kb3 Rxc4 46. Rf1 Kb5 47. Rf6 Rc5 48. Rxh6 Rd5 49. Kc3 d2 50. Rb6+ Kxa5 51. Rb1 d1Q 0-1

[Event "Belgrade Trophy 20th"]
[Site "Belgrade"]
[Date "2007.11.26"]
[Round "5"]
[White "Jovanovic, Miroslav V"]
[Black "Ivanovic, Lazar"]
[Result "1-0"]
[WhiteElo "2033"]
[BlackElo "1530"]
[PlyCount "110"]
[EventDate "2007.11.22"]
[EventType "swiss"]
[EventRounds "9"]
[EventCountry "YUG"]
[SourceTitle "CBM 121 Extra"]
[Source "ChessBase"]
[SourceDate "2008.01.10"]
[SourceVersion "1"]
[SourceVersionDate "2008.01.10"]
[SourceQuality "1"]

1. d4 Nf6 2. c4 d6 3. Nc3 Nbd7 4. e4 e5 5. Nf3 Be7 6. Be2 c6 7. 0-0 0-0 8. Rb1 a6 9. a3 b5 10. Bg5 h6 11. Bxf6 Bxf6 12. cxb5 cxb5 13. Qd2 Nb6 14. Rfd1 Be6 15. d5 Bd7 16. Rbc1 Rc8 17. Na2 Na4 18. b4 Nb6 19. h3 Nc4 20. Bxc4 bxc4 21. Qb2 Bg5 22. Nxg5 Qxg5 23. Rc3 f5 24. exf5 Bxf5 25. Qc1 Bd3 26. Qxg5 hxg5 27. Rcc1 e4 28. Nc3 Rf4 29. Rd2 Rcf8 30. Nd1 Rc8 31. Rc3 Rf5 32. Ne3 Re5 33. Kh2 Kh7 34. Kg3 Kg6 35. Kg4 Rf8 36. Rb2 Rb8 37. a4 Rc8 38. b5 axb5 39. Rxb5 Re7 40. Rb6 Rd7 41. a5 Kf6 42. Rc6 Ra8 43. a6 Be2+ 44. Kg3 Ke5 45. Ra3 Rda7 46. Ra5 c3 47. Rxc3 Rxa6 48. Rxa6 Rxa6 49. Rc7 g6 50. Re7+ Kd4 51. Re6 Bc4 52. Rxg6 Bxd5 53. Rxg5 Bc4 54. h4 d5 55. h5 Rh6 1-0

[Event "Belgrade Trophy 20th"]
[Site "Belgrade"]
[Date "2007.11.25"]
[Round "4"]
[White "Dizdarevic, Barbara"]
[Black "Jovanovic, Miroslav V"]
[Result "0-1"]
[WhiteElo "1830"]
[BlackElo "2033"]
[PlyCount "107"]
[EventDate "2007.11.22"]
[EventType "swiss"]
[EventRounds "9"]
[EventCountry "YUG"]
[SourceTitle "CBM 121 Extra"]
[Source "ChessBase"]
[SourceDate "2008.01.10"]
[SourceVersion "1"]
[SourceVersionDate "2008.01.10"]
[SourceQuality "1"]

1. e4 c5 2. c3 Nf6 3. e5 Nd5 4. Nf3 e6 5. d4 cxd4 6. cxd4 Nc6 7. Bc4 Nb6 8. Bb3 d5 9. Nc3 Nc4 10. 0-0 Qa5 11. Qd3 b5 12. a4 b4 13. Nb5 Ba6 14. Bxc4 dxc4 15. Qxc4 Rc8 16. Qd3 Rb8 17. Nc7+ Qxc7 18. Qxa6 Be7 19. Be3 0-0 20. Rac1 Rfc8 21. b3 Qd7 22. Rc2 Rc7 23. Rfc1 Rbc8 24. Qd3 Bd8 25. Rc5 Be7 26. R5c2 Bd8 27. Rc5 h6 28. Qb5 Rb7 29. Qa6 Bb6 30. R5c2 Rbc7 31. Qd3 Qd5 32. Rc4 Na5 33. Rxc7 Rxc7 34. Rxc7 Bxc7 35. Bd2 Nxb3 36. Bxb4 Bb6 37. Bc3 g5 38. h3 Qc6 39. Bb4 Qxa4 40. Qc4 Qa1+ 41. Kh2 Nxd4 42. Qc8+ Kh7 43. Nd2 Ne2 44. Qc2+ Kg7 45. Nf3 Nd4 46. Qc3 Qxc3 47. Bxc3 Nxf3+ 48. gxf3 Bxf2 49. Kg2 Bb6 50. Kg3 Be3 51. h4 Kg6 52. hxg5 hxg5 53. Kg4 a6 54. Ba5 0-1

[Event "Nis Lokomotiva"]
[Site "Nis"]
[Date "2007.03.26"]
[Round "8"]
[White "Vulicevic, Branimir"]
[Black "Jovanovic, Miroslav V"]
[Result "1/2-1/2"]
[WhiteElo "2163"]
[BlackElo "2089"]
[PlyCount "34"]
[EventDate "2007.03.19"]
[EventType "tourn"]
[EventRounds "10"]
[EventCountry "SRB"]
[SourceTitle "EXT 2023"]
[Source "ChessBase"]
[SourceDate "2022.10.05"]
[SourceVersion "1"]
[SourceVersionDate "2022.10.05"]
[SourceQuality "1"]

1. d4 d6 2. Nf3 Bf5 3. c4 Nf6 4. Nc3 Nc6 5. e3 e5 6. Be2 h6 7. 0-0 Be7 8. Nd5 exd4 9. Nxd4 Nxd4 10. Qxd4 0-0 11. Nxe7+ Qxe7 12. b3 Qe5 13. Bb2 Qxd4 14. Bxd4 Ne4 15. Rfd1 a5 16. Bf3 b6 17. Bxe4 Bxe4 1/2-1/2

[Event "Nis Lokomotiva"]
[Site "Nis"]
[Date "2007.03.21"]
[Round "3"]
[White "Jovanovic, Miroslav V"]
[Black "Vulicevic, Branimir"]
[Result "1/2-1/2"]
[WhiteElo "2089"]
[BlackElo "2163"]
[PlyCount "23"]
[EventDate "2007.03.19"]
[EventType "tourn"]
[EventRounds "10"]
[EventCountry "SRB"]
[SourceTitle "EXT 2023"]
[Source "ChessBase"]
[SourceDate "2022.10.05"]
[SourceVersion "1"]
[SourceVersionDate "2022.10.05"]
[SourceQuality "1"]

1. d4 d5 2. Bg5 c5 3. c3 Qb6 4. Qd2 Nc6 5. e3 Bf5 6. dxc5 Qxc5 7. Bd3 Bxd3 8. Qxd3 e6 9. Nf3 Be7 10. Bxe7 Ngxe7 11. Nbd2 0-0 12. 0-0 1/2-1/2